|
|
|
|
| LEADER |
00000nab a2200000 a 4500 |
| 001 |
vtls000764601 |
| 003 |
SK-MaSNL |
| 005 |
20260303230030.0 |
| 008 |
040806c2001 xo 0 slo |
| 015 |
|
|
|a SNBRB2001/08-23353
|
| 035 |
|
|
|a CLN000116388
|
| 040 |
|
|
|a SNKBUCL
|b slo
|c SNKBUCL
|e AACR2
|
| 041 |
0 |
|
|a slo
|
| 044 |
|
|
|a xo
|c SK
|
| 080 |
|
|
|a 627.8(437.6:439)
|2 UDC-MRF-SK2
|
| 080 |
|
|
|a 327(437.6:439)
|2 UDC-MRF-SK2
|
| 080 |
|
|
|a 327(439:437)
|2 UDC-MRF-SK2
|
| 100 |
1 |
|
|a Škopec, Robert
|4 aut
|9 841064
|
| 245 |
1 |
0 |
|a Psychologická vojna Gabčíkovo-Nagymaros
|c Robert Škopec
|
| 650 |
0 |
7 |
|a vodné stavby
|2 snkbucl
|9 68714
|
| 650 |
0 |
7 |
|a monografie
|2 snkbucl
|9 256509
|
| 651 |
|
7 |
|a Gabčíkovo (Slovensko : vodné dielo)
|2 snkbucl
|9 131675
|
| 651 |
|
7 |
|a Nagymaros (Maďarsko : vodné dielo)
|2 snkbucl
|9 131670
|
| 655 |
|
7 |
|a analýzy
|2 snkbucl
|9 22242
|
| 655 |
|
7 |
|a články z novín a časopisov
|2 snkbucl
|9 267496
|
| 773 |
0 |
|
|x 1335-2342
|t Dilema
|g Č. 7 (2001), s. 18-23
|
| 850 |
|
|
|a Slovenská národná knižnica v Martine
|
| 852 |
|
|
|a SNK
|b KIS3GCP
|
| 999 |
|
|
|c 2259721
|d 2261651
|